000 00619nam a2200193Ii 4500
001 8317
003 CO-ViMGA
008 241108s9999||||xx |||||||||||||| ||und||
040 _aCO-ViMGA
_bspa
_erda
_cCO-ViMGA
041 0 _aunk
082 0 4 _aCo866.3 E64
245 1 0 _aEpistolario de Rufino J. Y Ángel Cuervo con corresponsables colombianos
264 1 _a[Lugar de publicación no identificado] : Instituto Caro y Cuervo, 1990
300 _avolumen
336 _atext
_btxt
_2rdacontent
337 _aunmediated
_bn
_2rdamedia
338 _avolume
_bnc
_2rdacarrier
940 _aidficha_siabuc: 8128. -- ficha_no_siabuc:8317
999 _c56419
_d56419